Record dans le tennis masculin - Statistiques

Statistiques générales
  • Ce quiz a été pris 235 fois
  • Le résultat moyen est 13 sur 19
Statistiques - réponses
Hint Réponse % Correct
Le plus de titres à Roland Garros Rafael Nadal
100%
Le plus de semaine passées en tant que #1 Novak Djokovic
98%
Le plus de Grands Chelems dans les années 00' Roger Federer
98%
Seul joueur britannique ayant gagné Wimbledon Andy Murray
89%
Le plus de Grands Chelems dans les années 90' Pete Sampras
82%
Le plus de Grands Chelems dans les années 70' Björn Borg
81%
Plus jeune joueur ayant été #1 Carlos Alcaraz
81%
Le couple ayant gagné le plus de titre combiné de simples en Grand Chelem Andre Agassi / Steffi Graf
79%
Le plus d'aces réussis en un seul match John Isner
75%
Le plus de titre de simples et de doubles combinés John McEnroe
74%
Le plus de Grands Chelems dans les années 80' Mats Wilander / Ivan Lendl
65%
Américain le plus récent ayant gagné un Grand Chelem Andy Roddick
61%
Le plus jeune joueur à avoir gagné un titre en Grand Chelem Michael Chang
60%
Seul joueur ayant réussi à faire un Grand Chelem calendaire Rod Laver
59%
Plus grand joueur en taille ayant gagné un Grand Chelem Juan Martin Del Potro
58%
Le plus de titres en simples Jimmy Connors
54%
Seul joueur noir ayant gagné Wimbledon Arthur Ashe
43%
Le joueur ayant reçu le plus d'amendes Nick Kyrgios
43%
Seul joueur ayant gagné un Grand Chelem en étant un Wild Card Goran Ivanišević
36%
Aucun quiz correspondant
Distribution des résultats
% des personnes avec chaque résultat
Percentile par nombre de réponses
Votre historique - résultats
Vous n’avez pas pris ce quiz